000 00699nam a2200253Ia 4500
003 OSt
005 20220927104637.0
006 a|||||r|||| 00| 0
007 ta
008 220926b |||||||| |||| 00| 0 eng d
024 _a134161
037 _cReference Collections
040 _aRTL
_cRTL
_beng
041 _2eng
_aeng
082 _a"V465:5.N8, M3/UN"
110 _aUnited Nations
245 0 _aCommittee on the exercise of the Palestinian peopl
260 _aNew
_bYork UN
_c1983
300 _a57p
_ccm.
650 _aFreedom Struggle History
_9355326
700 _aUnited Nations
942 _h"V465:5.N8, M3/UN"
_cCC
999 _c688171
_d688171